Дело о высылке из Санкт-Петербурга отставных коллежских регистраторов Викентия Лускино и Михаила Новицкого

Доступно только в Электронных читальных залах Найти на картеНа карте
RUSMARC
00003720nmc2a22000003x 450
00188cd9652-4fa1-4c7a-995c-4da2b13f129a
00520210315161518.0
100##$a20181211l18671877k l0rusy0189 ca
1010#$arus
102##$aRU
2001#$aДело о высылке из Санкт-Петербурга отставных коллежских регистраторов Викентия Лускино и Михаила Новицкого
$j24 июля 1867 г. - 21 февраля 1877 г.
251##$cДело
300##$aДело
801#0$aRU
$bРГИА
$c20181211
$gRCR
801#1$aRU
$bГлавНИВЦ
$c20181211
$2rusmarc
801#2$aRU
$bПБ им. Б.Н. Ельцина
$c20210315
$gRCR
$2rusmarc
850##$aРГИА
852##$aРГИА
$eФедеральное казенное учреждение "Российский государственный исторический архив" (РГИА)
$j1066
937##$hРГИА
$d12296099
$aASBIBLIO_SCAN
462#0$100191353b96-cc3d-4f24-9eeb-3bfef1665a95
$12001
$aДела Департамента полиции исполнительной МВД за 1867 год
$1251
$cОпись
$1852
$j28
$l1867 г.
461#0$10013e300ed0-cd39-49af-8489-5ba5b90fa401
$12001
$aДепартамент полиции исполнительной МВД
$1251
$cФонд
$1852
$j1286
215##$a71 л.
$d36,5х26 см
371##$aДокумент не является опубликованным и широко распространяемым
105##$ay###
1222#$ad
035##$a88cd9652-4fa1-4c7a-995c-4da2b13f129a
856##$uhttp://readingroom.main.prlib.ru/item.aspx?id_node=n158689397&mode=full
Формат отображения